[Event "Titled Tuesday intern op 04th Feb Early"]
[Site "Chess.com INT"]
[Date "2025.02.04"]
[Round "7"]
[White "Kshatriya, Nitin Vekhande"]
[Black "Nurmanova, Alua"]
[Result "0-1"]
[WhiteElo "2133"]
[BlackElo "2336"]
[PlyCount "90"]
[EventDate "2025.02.04"]
[EventType "swiss (blitz)"]
[EventRounds "11"]
[EventCountry "USA"]
[SourceTitle "CB07_2025"]
[SourceDate "2025.02.12"]
[SourceVersion "1"]
[SourceVersionDate "2025.02.12"]
[SourceQuality "1"]

1. e4 c5 2. Nf3 d6 3. d4 cxd4 4. Nxd4 Nf6 5. Nc3 a6 6. Be2 e5 7. Nb3 Be7 8. 0-0 0-0 9. Kh1 Be6 10. f4 exf4 11. Bxf4 Nc6 12. Qd2 b5 13. a3 Qb6 14. Rad1 Ne5 15. Nd4 Rad8 16. Nf5 Bxf5 17. exf5 Rfe8 18. Bg5 Ned7 19. Bf3 Qc5 20. Qf4 h6 21. Bh4 Qe5 22. Bc6 Qc5 23. Qf3 Ne5 24. Qg3 Qxc6 25. Bxf6 Bxf6 26. Nd5 Nd7 27. c3 Be5 28. Qh3 Nf6 29. Nb4 Qb7 30. Rd3 a5 31. Nc2 d5 32. Qf3 Qc7 33. g3 Qc4 34. Re1 Bb8 35. Rde3 Rxe3 36. Rxe3 Qb3 37. Nd4 Qxb2 38. Nc6 Rf8 39. Re7 Bd6 40. Re2 Qxa3 41. g4 b4 42. g5 hxg5 43. Re3 Qb2 44. Qh3 g4 45. Qf1 Qxh2# 0-1

[Event "Titled Tuesday intern op 04th Feb Early"]
[Site "Chess.com INT"]
[Date "2025.02.04"]
[Round "3"]
[White "Yevchenko, Alexander"]
[Black "Kshatriya, Nitin Vekhande"]
[Result "0-1"]
[WhiteElo "2276"]
[BlackElo "2133"]
[PlyCount "88"]
[EventDate "2025.02.04"]
[EventType "swiss (blitz)"]
[EventRounds "11"]
[EventCountry "USA"]
[SourceTitle "CB07_2025"]
[SourceDate "2025.02.12"]
[SourceVersion "1"]
[SourceVersionDate "2025.02.12"]
[SourceQuality "1"]

1. c4 e5 2. Nc3 Nf6 3. Nf3 d6 4. d4 Nbd7 5. e4 g6 6. Be2 Bg7 7. d5 Nc5 8. Qc2 a5 9. h3 h6 10. Be3 Ncd7 11. g4 g5 12. 0-0-0 Nf8 13. h4 Bxg4 14. hxg5 hxg5 15. Rxh8 Bxh8 16. Nxg5 Bxe2 17. Qxe2 Qd7 18. c5 dxc5 19. Bxc5 Bg7 20. Kb1 Ng6 21. Nb5 Nf4 22. Qc4 Rc8 23. d6 c6 24. Nc7+ Rxc7 25. Nxf7 Qxf7 26. dxc7 Qxc4 27. c8Q+ Kf7 28. Qxb7+ Kg8 29. Qb8+ Kh7 30. Qxe5 Qxe4+ 31. Qxe4+ Nxe4 32. Be3 Nd5 33. Rc1 Nxe3 34. fxe3 c5 35. Kc2 Kg6 36. Rf1 Bh6 37. Kd3 Nd6 38. Rc1 c4+ 39. Ke2 Kf5 40. Rd1 Ke5 41. Rh1 Bg5 42. Rh5 Ne4 43. Rh8 Bf6 44. Re8+ Kd5 0-1